Statistiques concernant Embrasse-la - La petite sirène [Paroles entières]

Cliquez ici pour prendre le quiz!

Statistiques générales

  • Ce quiz a été pris 325 fois
  • Le résultat moyen est 114 sur 173

Statistiques - réponses

XParoles% Correct
la
97%
a
96%
à
96%
pas
93%
ne
89%
Ne
89%
elle
87%
Elle
87%
il
87%
Il
87%
embrasse-la
86%
tu
86%
Tu
86%
Et
84%
et
84%
est
82%
l'embrasser
80%
un
80%
toi
78%
se
77%
c'est
76%
en
75%
pour
75%
Ca
74%
ça
74%
Si
74%
si
74%
que
73%
mais
70%
n'ose
70%
les
69%
rien
69%
toujours
69%
dit
68%
mot
68%
douce
67%
ton
67%
fois
66%
intimidé
66%
depuis
65%
coeur
64%
sais
64%
faut
63%
fragile
63%
l'attends
63%
plus
63%
ChansonRegarde-la
63%
tait
63%
bien
62%
d'amour
61%
Décide
61%
décide
61%
d'elle
61%
l'étincelle
61%
du
60%
pourquoi
60%
rêvais
60%
secret
60%
dira
59%
roman
59%
fort
58%
avant
57%
provoquer
57%
brûle
56%
d'être
56%
dans
55%
embrassée
55%
fiancée
55%
mots
55%
qu'à
55%
Adieu
54%
vas-y
54%
T'aimerais
53%
crois-moi
52%
main
51%
mon
50%
pense
50%
DialoguePercussion
50%
demain
49%
oui
49%
dommage
47%
douceur
47%
lagon
47%
y'en
47%
moi
46%
n'attends
46%
bon
45%
oh
45%
chanson
43%
garçon
43%
peur
43%
vraiment
43%
Ecoute
42%
DialogueAvec
39%
bonheur
39%
serait
39%
Prends-lui
38%
sage
38%
musique
37%
Décide-toi
36%
my
36%
ChansonShala
36%
cuivres
35%
qu'au
34%
maintenant
33%
s'il
33%
vite
31%
fait
28%
n'aie
28%
Puisque
20%
dépêche-toi
12%
n'hésite pas
12%
corders
3%

Distribution des résultats

Percentile par nombre de réponses

% des personnes avec chaque résultat

Votre développement - résultats

Vous n’avez pas pris ce quiz